Statistics for The Top 20 Happiest Countries According to Instagram Smiles

Click here to take the quiz!

General Stats

  • This quiz has been taken 141 times
  • The average score is 9 of 20

Answer Stats

Answer % Correct
1Brazil
83%
10Mexico
82%
20Chile
70%
3Colombia
68%
7Venezuela
64%
13Panama
61%
15Ecuador
58%
5Costa Rica
56%
4Bolivia
55%
6Honduras
52%
9Guatemala
52%
2Nicaragua
49%
14El Salvador
46%
18South Africa
45%
8Philippines
23%
19Romania
11%
17Netherlands Antilles
8%
12Kazakhstan
5%
16Moldova
4%
11Macedonia
2%

Score Distribution

Percentile by Number Answered

Percent of People with Each Score

Your Score History

You have not taken this quiz